00521cam a22002051 4500001001300000003000400013005001700017008004100034010001700075035002000092040001800112042001200130050002100142100001800163245004100181260003900222300001900261500001800280999001700298sa 64003224 DLC20260227112015.0890925s1962 ii 000 0 malo  asa 64003224  a(OCoLC)20386989 aDLCcWaUdDLC apremarc00aPL4718.9.J19bP81 aJacob, Issac.10aPūkkaḷe tēṭunna vaṇṭȧ. a[Kottayam?bJacob Varghese,c1962] a167 p.c19 cm. aIn Malayalam. c57785d57785